书目信息 |
| 书名: | Ben Bernanke's Fed | |
| 作者: | Ethan S.Harris | |
| 分册号: | ||
| 分册名: | 出版地: | Boston Massachusetts |
|
| 出版社: | HARVARD BUSINESS PRESS | |
| 出版时间: | 2010 | |
| 页数: | 237p | |
| 开本: | 20cm | |
| 丛书名: | ||
| 中图分类号: | ||
| 科图分类号: | ||
| 其他分类号: | F837.123 | |
| 主题词: | ||
| 电子资源: | ||
| 000 | 00521nam0 2200193 450 | |
| 001 | 202012000292 | |
| 005 | 20121107103134.0 | |
| 008 | 20021229d1997 em y0chiy0121 ea | |
| 020 | @a9781422125847@bHARD@c$26.95 | |
| 041 | @aeng | |
| 091 | @aF837.123 | |
| 099 | @dF837.123@eE841 | |
| 100 | @aEthan S.Harris | |
| 245 | 10 | @aBen Bernanke's Fed@cEthan S.Harris |
| 260 | @aBoston Massachusetts@bHARVARD BUSINESS PRESS@c2010 | |
| 300 | @a237p@c20cm | |
| 521 | @aBen Bernanke's Fed | |
| 905 | @b6802-3 | |
| 905 | @aTSG@dF837.123@eE841 | |
| Ben Bernanke's Fed / Ethan S.Harris.-Boston Massachusetts : HARVARD BUSINESS PRESS , 2010 |
| 237p ; 20cm |
| Ben Bernanke's Fed |
| ISBN 9781422125847HARD$26.95 |
| ● |
| 相关链接 |
|
|
|
正题名:Ben Bernanke's Fed
索取号:F837.123/E841
 
预约/预借
| 序号 | 登录号 | 条形码 | 馆藏地/架位号 | 状态 | 备注 |
| 1 | 6802 | 300068021 | 社科库409/409社科库 119排1列1层/ [索取号:F837.123/E841] | 在馆 | |
| 2 | 6803 | 300068030 | 社科库409/409社科库 119排1列1层/ [索取号:F837.123/E841] | 在馆 |